Palacios museos del Patrimonio Nacional. (Record no. 113309)

MARC details
000 -LEADER
campo de control de longitud fija 00423nam a2200145 4500
001 - NÚMERO DE CONTROL
campo de control 113309
003 - IDENTIFICADOR DE NÚMERO DE CONTROL
campo de control ES-MaACL
007 - CAMPO FIJO DE DESCRIPCIÓN FÍSICA--INFORMACIÓN GENERAL
campo de control de longitud fija t|
008 - DATOS DE LONGITUD FIJA--INFORMACIÓN GENERAL
campo de control de longitud fija 061121s1970 sp r ||||1| spa d
245 00 - MENCIÓN DEL TÍTULO
Título Palacios museos del Patrimonio Nacional.
260 ## - PUBLICACIÓN, DISTRIBUCIÓN, ETC.
Lugar de publicación, distribución, etc. Madrid :
Nombre del editor, distribuidor, etc. Patrimonio Nacional,
Fecha de publicación, distribución, etc. Barcelona.
300 ## - DESCRIPCIÓN FÍSICA
Extensión XII p., 201 lám. ;
Dimensiones 28 cm.
710 2# - ENTRADA AGREGADA--NOMBRE DE ENTIDAD CORPORATIVA
Nombre de entidad corporativa o nombre de jurisdicción como elemento de entrada Patrimonio Nacional (España)
9 (RLIN) 6165
852 ## - LOCALIZACIÓN
Ubicación ES-MaACL
Número de control de estantería E-5824
Sublocalización o colección R.90231
Holdings
Estatus retirado Estado de pérdida Estado de daño No para préstamo Biblioteca de origen Biblioteca actual Ubicación en estantería Fecha de adquisición Fuente de adquisición Total de préstamos Signatura topográfica completa Código de barras Visto por última vez Precio de reemplazo Tipo de ítem Koha
        Biblioteca del Ateneo de Madrid Biblioteca del Ateneo de Madrid Depósito 2 17/01/2008     E-5824 1118184 23/02/2023 23/02/2023 Libro impreso